| 000 | 00464cam a2200181ua 4500 | ||
|---|---|---|---|
| 020 |
_a81 203 1648 7 _c250.00 |
||
| 041 |
_aeng _h |
||
| 082 |
_a005.133 _bPHI/US |
||
| 100 | _aPhilip, Anne Le. | ||
| 245 |
_aUsing HTML 4 / _cAnne Le Philip. _hTextual Documents |
||
| 250 |
_a4 / _b. |
||
| 260 |
_aNew Delhi : _bPrentice Hall of India Pvt Ltd. , _c2000. |
||
| 300 | _a688 ; . | ||
| 365 | _a250.00 | ||
| 504 | _a | ||
| 942 | _cBK | ||
| 999 |
_c9471 _d9471 |
||